[Actes i escriptures de venda i herència de les cases del carrer Argenteria, del carrer Comtal i del carrer de les Moles de Barcelona. Testament de Margarida Jaldrà (1647). Escrits sobre paper i pergamí, dels anys 1539, 1594, 1595, 1597, 1600, 1612, 1614]
Descripción Física:
2 plecs, 7 pergamins
MARC
| LEADER | 00000nam a2200000Ia 4500 | ||
|---|---|---|---|
| 001 | |||
| 008 | 160829s9999 xx 000 0 cat d | ||
| 080 | |a R-12-102 | ||
| 245 | |a [Actes i escriptures de venda i herència de les cases del carrer Argenteria, del carrer Comtal i del carrer de les Moles de Barcelona. Testament de Margarida Jaldrà (1647). Escrits sobre paper i pergamí, dels anys 1539, 1594, 1595, 1597, 1600, 1612, 1614] | ||
| 300 | |a 2 plecs, 7 pergamins | ||
| 590 | |a Text en català i llatí. | ||
| 590 | |a Cobertes en pergamí. | ||
| 650 | |a Jaldrà, Margarida |x Testament |9 49191 | ||
| 650 | |a Escriptures de compravenda |x Barcelona |x S. XVI-XVII |9 49192 | ||
| 650 | |a Herències i successions |x Barcelona |x S. XVI-XVII |9 49193 | ||
| 901 | |a Arxiu | ||
| 942 | |n 1 | ||
| 952 | |0 0 |1 0 |4 0 |6 R12102 |7 1 |9 55148 |a Arxiu |b Arxiu |d 2016-12-01 |l 0 |o R-12-102 |r 2016-12-01 00:00:00 |w 2016-12-01 |y ARXIU | ||
| 999 | |c 59020 |d 59020 | ||